NFL Number 3 seed in the AFC Quarterbacks - Statistics

General Stats
  • This quiz has been taken 21 times
    3 since last reset
  • The average score is 42 of 61
Answer Stats
Year Team QB % Correct
2015 Bengals Andy Dalton
100%
2013 Bengals Andy Dalton
100%
2020 Steelers Ben Roethlisberger
100%
2016 Steelers Ben Roethlisberger
100%
2014 Steelers Ben Roethlisberger
100%
2017 Jaguars Blake Bortles
100%
1990 Bengals Boomer Esiason
100%
2005 Bengals Carson Palmer
100%
1981 Chargers Dan Fouts
100%
1994 Dolphins Dan Marino
100%
2018 Texans Deshaun Watson
100%
1997 Patriots Drew Bledsoe
100%
1995 Bills Jim Kelly
100%
1989 Bills Jim Kelly
100%
2022 Bengals Joe Burrow
100%
2021 Bills Josh Allen
100%
2024 Ravens Lamar Jackson
100%
1998 Jaguars Mark Brunell
100%
2012 Texans Matt Schaub
100%
2011 Texans Matt Schaub
100%
2023 Chiefs Patrick Mahomes
100%
2010 Colts Peyton Manning
100%
2006 Colts Peyton Manning
100%
2004 Colts Peyton Manning
100%
2003 Colts Peyton Manning
100%
2007 Chargers Philip Rivers
100%
2001 Raiders Rich Gannon
100%
1977 Steelers Terry Bradshaw
100%
1976 Steelers Terry Bradshaw
100%
1974 Steelers Terry Bradshaw
100%
2019 Patriots Tom Brady
100%
2009 Patriots Tom Brady
100%
2025 Jaguars Trevor Lawrence
100%
1991 Oilers Warren Moon
100%
1985 Browns Bernie Kosar
67%
1979 Dolphins Bob Griese
67%
2008 Dolphins Chad Pennington
67%
1993 Chiefs Joe Montana
67%
1982 Bengals Ken Anderson
67%
1973 Raiders Ken Stabler
67%
1975 Colts Bert Jones
33%
1983 Steelers Cliff Stoudt
33%
1978 Broncos Craig Morton
33%
1972 Raiders Daryle Lamonica
33%
1988 Seahawks Dave Krieg
33%
2000 Dolphins Jay Fiedler
33%
1980 Bills Joe Ferguson
33%
Joe Gilliam
33%
1984 Steelers Mark Malone
33%
1996 Steelers Mike Tomczak
33%
1992 Chargers Stan Humphries
33%
2002 Steelers Tommy Maddox
33%
1986 Patriots Tony Eason
33%
1971 Browns Bill Nelsen
0%
David Woodley
0%
Gary Hogeboom
0%
1987 Colts Jack Trudeau
0%
1999 Seahawks Jon Kitna
0%
Kelly Stouffer
0%
Mike Kruczek
0%
1970 Bengals Virgil Carter
0%
No matching quizzes found
Score Distribution
Percent of People with Each Score
Percentile by Number Answered
Your Score History
You have not taken this quiz since the last reset